000 00412cam a22001217a 4500
008 180718b2010 xxu||||| |||| 00| 0 eng d
082 _aL31x54 G746
100 _aIndia. Ministry of Finance. Department of Economic Affairs
245 _aGovernment debt: status and road ahead
260 _aNew Delhi
_bDepartment of Economic Affairs, Ministry of Finance
_c2010
300 _a44+p.
650 _aDebts, Public - India
999 _c502487
_d502487